La obra jurídica de Juan de Palafox (Record no. 448498)
[ view plain ]
| 000 -CABECERA | |
|---|---|
| Campo de control de longitud fija | 00416nab a22001457a 4500 |
| 003 - IDENTIFICADOR DEL NÚMERO DE CONTROL | |
| Campo de control | ES-SlBC |
| 005 - FECHA Y HORA DE LA ÚLTIMA TRANSACCIÓN | |
| Campo de control | 20210327223954.0 |
| 008 - CÓDIGOS DE INFORMACIÓN DE LONGITUD FIJA | |
| Campo de control de longitud fija | 131025b xxu||||| |||| 00| 0 spa d |
| 040 ## - FUENTE DE LA CATALOGACIÓN | |
| Centro catalogador del origen | ES-SlBC |
| Lengua de catalogación | spa |
| 041 ## - CÓDIGO DE LENGUA | |
| Código de lengua del texto/banda sonora o título independiente | spa |
| 100 1# - PUNTO DE ACCESO PRINCIPAL-NOMBRE DE PERSONA | |
| Nombre de persona | Icaza Dufour, Francisco de |
| 9 (RLIN) | 88566 |
| 245 13 - MENCIÓN DE TÍTULO | |
| Título | La obra jurídica de Juan de Palafox |
| 773 ## - ENLACE AL DOCUMENTO FUENTE | |
| Parte(s) relacionada(s) | nº 89, 2012, p. 253-271 |
| Título | Efemerides Mexicana |
| Número de control del registro relacionado | Rev174 |
| Número Internacional Normalizado para Publicaciones Seriadas (ISSN) | 0188-1450 |
| 942 ## - ENTRADA DE ELEMENTOS AGREGADOS (KOHA) | |
| Fuente de clasificaión o esquema | |
| Koha [por defecto] tipo de item | Artículos de revista |
| Suprimido | Perdido | Fuente de clasificación o esquema | Estropeado | No para préstamo | Localización permanente | Localización actual | Localización en estantería | Fecha adquisición | Préstamos totales | Fecha última consulta | Fecha del precio de reemplazo | Tipo de item de Koha |
|---|---|---|---|---|---|---|---|---|---|---|---|---|
| San Esteban | San Esteban | Depósito de revistas | 25/10/2013 | 25/10/2013 | 25/10/2013 | Artículos de revista |
